| 000 | 01283nam a2200349 i 4500 | ||
|---|---|---|---|
| 003 | DO-SdBNP | ||
| 005 | 20240123141507.0 | ||
| 007 | ta | ||
| 008 | 240123b2003 mx d|||| |||| 00| 0 spa d | ||
| 020 | _a9702602297 | ||
| 040 |
_aDO-SdBNP _bspa _cBNPHU _erda |
||
| 082 | 4 | _222 | |
| 100 | 1 |
_aMalott, Richard W., _947184 _eautor |
|
| 245 | 1 | 0 |
_aPrincipios elementales del comportamiento / _cRichard W. Malott, Maria E. Malott, Elizabeth A. Trojan ; traducción José Carmen Pecina Hernández ; revisión técnica Amada Ampudia Rueda ; editor Enrique Quintanar Duarte |
| 250 | _a4a ed. | ||
| 264 |
_aMéxico : _bPearson Educación _c2003. |
||
| 300 |
_a498 páginas : _bgráficos ; _c27 cm. |
||
| 336 |
_2rdacontent _atexto _btxt |
||
| 337 |
_2rdamedia _asin mediación _bn |
||
| 338 |
_2rdacarrier _avolumen _bnc |
||
| 500 | _aIncluye glosario, índice de autores e índice analítico. | ||
| 590 | _aInventariado, 2024/BT | ||
| 650 | _9672 | ||
| 650 | _918252 | ||
| 700 | 1 |
_aMalott, María E. _947185 |
|
| 700 | 1 |
_aTrojan, Elizabeth A. _984805 |
|
| 700 | 1 |
_aPecina Hernández, José Carmen, _etraducción _984806 |
|
| 700 | 1 |
_aRueda, Amada Ampudia, _erevisión técnica _984807 |
|
| 700 | 1 |
_aQuintamar Duarte, Enrique, _eeditor _984808 |
|
| 910 | _aBtavárez | ||
| 942 |
_2ddc _cLBS1 |
||
| 999 |
_c55742 _d55742 |
||